| 000 | 00822nam a22002897a 4500 | ||
|---|---|---|---|
| 001 | 8363 | ||
| 003 | FISKH | ||
| 005 | 20250910092258.0 | ||
| 008 | 250910b cb ||||| |||| 00| 0 eng d | ||
| 020 | _a9780531213506 | ||
| 040 |
_aFISKH _beng _cFISKH _dFISKH |
||
| 050 | _aQE521 .T46 | ||
| 082 | _a551.22 | ||
| 100 | _aThan, Ker | ||
| 245 |
_aA true book : _bEarthquakes / _cBy Ker Than |
||
| 250 | _aThis edition first published in 2009 | ||
| 260 |
_aNew York : _bScholastic, _c2009 |
||
| 300 |
_a48 pages : _bcolor illustrations ; _c22 cm |
||
| 505 | _aZ | ||
| 520 | _aA study of earthquakes and the science behind them. | ||
| 521 | 8 |
_a890
_bLexile |
|
| 521 | 8 |
_aZ
_bRaz-Plus |
|
| 650 |
_2Earth science _aInformational |
||
| 650 |
_2Natural disasters _aScience |
||
| 942 |
_2ddc _cBK _n0 |
||
| 999 |
_c8363 _d8363 |
||